[Event "Baden Wuerttemberg-chB"]
[Site "Illertissen"]
[Date "2005.08.28"]
[Round "2"]
[White "Ruprich, Udo"]
[Black "Sand, Rolf"]
[Result "1/2-1/2"]
[WhiteElo "1995"]
[BlackElo "2098"]
[PlyCount "133"]
[EventDate "2005.08.27"]
[EventType "swiss"]
[EventRounds "9"]
[EventCountry "GER"]
[SourceTitle "CBM 108 Extra"]
[Source "ChessBase"]
[SourceDate "2005.11.04"]
[SourceVersion "1"]
[SourceVersionDate "2005.11.04"]
[SourceQuality "1"]

1. e4 c5 2. Nf3 d6 3. d4 cxd4 4. Nxd4 Nf6 5. Nc3 a6 6. a4 e5 7. Nb3 Be6 8. Bg5 Nbd7 9. Be2 Be7 10. 0-0 0-0 11. Qd2 Rc8 12. Be3 Qc7 13. Rad1 Nb6 14. f3 Nc4 15. Bxc4 Bxc4 16. Rfe1 b5 17. axb5 axb5 18. Qf2 b4 19. Bb6 Qd7 20. Nb1 Qb5 21. N3d2 Be6 22. Nf1 d5 23. exd5 Nxd5 24. Ba7 f6 25. Kh1 Bc5 26. Bxc5 Qxc5 27. Re2 Rc6 28. Kg1 Rfc8 29. Qxc5 Rxc5 30. Red2 h6 31. c3 bxc3 32. bxc3 Nxc3 33. Nxc3 Rxc3 34. Rd8+ Rxd8 35. Rxd8+ Kf7 36. Rd2 Bc4 37. Kf2 Bxf1 38. Kxf1 Ke6 39. Kf2 h5 40. Ke2 h4 41. h3 Kf5 42. Kf2 Kf4 43. Rb2 f5 44. Ra2 e4 45. fxe4 fxe4 46. Rb2 Rd3 47. Rb7 Rd2+ 48. Kf1 g5 49. Rb3 Rd3 50. Rb1 Ra3 51. Rc1 Ra5 52. Rc3 Re5 53. Ke2 e3 54. Rc4+ Re4 55. Rc5 Rd4 56. Ke1 Ra4 57. Rb5 Ra1+ 58. Ke2 Ra2+ 59. Kf1 Ra4 60. Ke2 Re4 61. Ra5 g4 62. hxg4 Kxg4 63. Ra8 Kg3 64. Rg8+ Rg4 65. Rf8 Kxg2 66. Kxe3 h3 67. Rf2+ 1/2-1/2

[Event "Salou op 07th"]
[Site "Salou"]
[Date "2005.05.22"]
[Round "3"]
[White "Ruprich, Udo"]
[Black "Karpatchev, Aleksandr"]
[Result "0-1"]
[WhiteElo "1994"]
[BlackElo "2472"]
[PlyCount "104"]
[EventDate "2005.05.20"]
[EventType "swiss"]
[EventRounds "9"]
[EventCountry "ESP"]
[SourceTitle "CBM 106 Extra"]
[Source "ChessBase"]
[SourceDate "2005.07.01"]
[SourceVersion "1"]
[SourceVersionDate "2005.07.01"]
[SourceQuality "1"]

1. e4 e5 2. Nf3 Nc6 3. d4 exd4 4. Nxd4 Qf6 5. Be3 Bc5 6. c3 Nge7 7. Qd2 0-0 8. Nxc6 Qxc6 9. Bd3 Ng6 10. 0-0 Ne5 11. Bxc5 Qxc5 12. Be2 d6 13. Qd4 Qb6 14. Qxb6 axb6 15. Nd2 Be6 16. a3 f6 17. h3 Rfd8 18. f4 Nc6 19. Rad1 d5 20. exd5 Bxd5 21. Bc4 Na5 22. Bxd5+ Rxd5 23. Nf3 Rad8 24. Rxd5 Rxd5 25. Re1 Kf7 26. Kf2 Nc4 27. Re2 Rd1 28. g4 Rh1 29. h4 b5 30. h5 c5 31. Ne1 f5 32. Kg2 Rh4 33. Nd3 fxg4 34. Nxc5 Rxh5 35. Nxb7 Rd5 36. b3 Nxa3 37. Na5 h5 38. Nc6 Kf6 39. Nb4 Rd1 40. Re5 h4 41. Nd5+ Kf7 42. f5 Rd2+ 43. Kg1 h3 44. Re7+ Kf8 45. Rd7 Nb1 46. c4 bxc4 47. bxc4 g3 48. Rd8+ Kf7 49. Rd7+ Kg8 50. Ne7+ Kh7 51. Rxd2 Nxd2 52. Nd5 Nf3+ 0-1

[Event "Salou op 07th"]
[Site "Salou"]
[Date "2005.05.20"]
[Round "1"]
[White "Ruprich, Udo"]
[Black "Lalic, Bogdan"]
[Result "0-1"]
[WhiteElo "1994"]
[BlackElo "2503"]
[PlyCount "86"]
[EventDate "2005.05.20"]
[EventType "swiss"]
[EventRounds "9"]
[EventCountry "ESP"]
[SourceTitle "CBM 106 Extra"]
[Source "ChessBase"]
[SourceDate "2005.07.01"]
[SourceVersion "1"]
[SourceVersionDate "2005.07.01"]
[SourceQuality "1"]

1. e4 c5 2. Nf3 e6 3. d4 cxd4 4. Nxd4 Nc6 5. Nb5 d6 6. c4 Nf6 7. N1c3 a6 8. Na3 Be7 9. Be2 0-0 10. 0-0 b6 11. Be3 Ne5 12. Qb3 Ned7 13. Rad1 Bb7 14. f3 Rb8 15. Rd2 Qc7 16. Rfd1 Rfe8 17. Kh1 Ba8 18. Bf4 Ne5 19. Bg3 Nh5 20. Bf2 Nf4 21. Bf1 g5 22. Be3 Nfg6 23. Ne2 Rec8 24. Ng3 Qd8 25. Qa4 Bb7 26. b4 Qf8 27. Qb3 d5 28. cxd5 Bxb4 29. dxe6 Rc3 30. exf7+ Nxf7 31. Qe6 Rxe3 32. Nh5 Bxd2 33. Nf6+ Kh8 34. Rxd2 Re1 35. Rf2 Qxa3 36. Nh5 Qe7 37. Qxb6 Rc8 38. g3 Nfe5 39. Kg2 g4 40. fxg4 Nxg4 41. Qb2+ N6e5 42. Rf4 Rc2+ 43. Qxc2 Ne3+ 0-1

[Event "Stuttgart-chA int"]
[Site "Ditzingen"]
[Date "2005.05.08"]
[Round "7"]
[White "Ruprich, Udo"]
[Black "Langensteiner, Matthias"]
[Result "1-0"]
[WhiteElo "1994"]
[BlackElo "2065"]
[PlyCount "59"]
[EventDate "2005.05.05"]
[EventType "swiss"]
[EventRounds "7"]
[EventCountry "GER"]
[SourceTitle "EXT 2018"]
[Source "ChessBase"]
[SourceDate "2017.10.13"]
[SourceVersion "1"]
[SourceVersionDate "2017.10.13"]
[SourceQuality "1"]

1. e4 e6 2. d4 d5 3. Nc3 Nf6 4. e5 Nfd7 5. Nf3 c5 6. dxc5 Bxc5 7. Bd3 Nc6 8. Qe2 f6 9. exf6 Nxf6 10. Bg5 0-0 11. 0-0 a6 12. Kh1 b5 13. Rad1 b4 14. Na4 Bd6 15. c3 e5 16. Bb1 Qa5 17. Qc2 Ne4 18. Qb3 Nf6 19. Bxf6 Rxf6 20. Ng5 Ne7 21. Bxh7+ Kh8 22. cxb4 Qxb4 23. Qxb4 Bxb4 24. Bc2 Bb7 25. Rd3 Nf5 26. Rb3 a5 27. a3 d4 28. Ne4 Ne3 29. Nxf6 Nxf1 30. Rh3# 1-0

[Event "Stuttgart-chA int"]
[Site "Ditzingen"]
[Date "2005.05.07"]
[Round "5"]
[White "Ruprich, Udo"]
[Black "Huhn, Stefan"]
[Result "0-1"]
[WhiteElo "1994"]
[BlackElo "2092"]
[PlyCount "62"]
[EventDate "2005.05.05"]
[EventType "swiss"]
[EventRounds "7"]
[EventCountry "GER"]
[SourceTitle "EXT 2018"]
[Source "ChessBase"]
[SourceDate "2017.10.13"]
[SourceVersion "1"]
[SourceVersionDate "2017.10.13"]
[SourceQuality "1"]

1. e4 c5 2. Nf3 Nc6 3. d4 cxd4 4. Nxd4 Nf6 5. Nc3 e5 6. Ndb5 d6 7. Nd5 Nxd5 8. exd5 Nb8 9. Bd3 a6 10. Nc3 f5 11. 0-0 Be7 12. Re1 0-0 13. Qe2 b5 14. a3 Nd7 15. Qd2 Nf6 16. Bf1 Qe8 17. b4 Bd7 18. Bb2 Qg6 19. a4 bxa4 20. Nxa4 Ne4 21. Rxe4 fxe4 22. Nb6 Rad8 23. Nxd7 Rxd7 24. Rxa6 Bg5 25. Qe1 Rdf7 26. g3 Rxf2 27. Bg2 e3 28. Rc6 Rxg2+ 29. Kxg2 Rf2+ 30. Qxf2 exf2 31. Kxf2 Qe4 0-1